[Event "EICC 2021"]
[Site "Reykjavik"]
[Date "2021.09.05"]
[Round "11.27"]
[White "Sokolovsky, Yahli"]
[Black "Kozak, Adam"]
[Result "1-0"]
[WhiteElo "2415"]
[BlackElo "2504"]
[Annotator "ChessBase"]
[PlyCount "125"]
[EventDate "2021.08.26"]
[EventType "swiss"]
[EventCountry "ISL"]
[Tiebreak "Cut1 Buchholz"]
[SourceTitle "playchess.com"]
[Source "ChessBase"]
[SourceQuality "1"]
[TimeControl "40/5400+30:1800+30"]

1. e4 {[%emt 0:00:03]} c5 {[%emt 0:05:33]} 2. Nf3 {[%emt 0:00:02]} a6 {[%emt 0:
00:06]} 3. c3 {[%emt 0:00:49]} b5 {[%emt 0:02:13]} 4. d4 {[%emt 0:03:42]} cxd4
{[%emt 0:00:07]} 5. cxd4 {[%emt 0:00:16]} Bb7 {[%emt 0:00:07]} 6. Bd3 {[%emt 0:
02:48]} Nf6 {[%emt 0:01:19]} 7. Qe2 {[%emt 0:12:49]} e6 {[%emt 0:11:30]} 8. a4
{[%emt 0:13:59]} Nc6 {[%emt 0:08:39]} 9. e5 {[%emt 0:22:28]} Nd5 {[%emt 0:01:
02]} 10. Nc3 {[%emt 0:00:12]} Ncb4 {[%emt 0:05:21]} 11. Be4 {[%emt 0:04:14]}
Nxc3 {[%emt 0:12:42]} 12. bxc3 {[%emt 0:00:19]} Bxe4 {[%emt 0:00:04]} 13. Qxe4
{[%emt 0:00:14]} Nd5 {[%emt 0:00:06]} 14. Bd2 {[%emt 0:01:00]} b4 {[%emt 0:00:
43]} 15. c4 {[%emt 0:15:52]} Nb6 {[%emt 0:00:43]} 16. Bg5 {[%emt 0:03:03]} Be7
{[%emt 0:10:58]} 17. Bxe7 {[%emt 0:00:39]} Kxe7 {[%emt 0:00:10]} 18. Nd2 {
[%emt 0:03:10]} a5 {[%emt 0:07:33]} 19. O-O {[%emt 0:00:35]} Qc8 {[%emt 0:07:
33]} 20. d5 {[%emt 0:02:21]} Kf8 {[%emt 0:00:10]} 21. Qd4 {[%emt 0:02:46]} Rb8
{[%emt 0:07:33]} 22. dxe6 {[%emt 0:04:14]} fxe6 {[%emt 0:06:54]} 23. Rfe1 {
[%emt 0:01:56]} Qc6 {[%emt 0:03:51]} 24. Re3 {[%emt 0:00:58]} h6 {[%emt 0:01:
45]} 25. Qg4 {[%emt 0:01:32]} g5 {[%emt 0:01:03]} 26. h4 {[%emt 0:01:33]} Rg8 {
[%emt 0:05:12]} 27. Qh5 {[%emt 0:01:07]} Ke7 {[%emt 0:00:02]} 28. Qxh6 {
[%emt 0:00:37]} Rbf8 {[%emt 0:00:09]} 29. hxg5 {[%emt 0:00:43]} Rh8 {[%emt 0:
00:37]} 30. Qg7+ {[%emt 0:00:36]} Kd8 {[%emt 0:00:00]} 31. Rf3 {[%emt 0:00:35]}
Rfg8 {[%emt 0:00:00]} 32. Qf6+ {[%emt 0:00:17]} Kc7 {[%emt 0:00:20]} 33. Qf4 {
[%emt 0:01:00]} Rh5 {[%emt 0:00:20]} 34. Ne4 {[%emt 0:00:27]} Rgh8 {[%emt 0:00:
30]} 35. Rh3 {[%emt 0:00:31]} Rxh3 {[%emt 0:00:38]} 36. gxh3 {[%emt 0:00:01]}
Rxh3 {[%emt 0:00:42]} 37. g6 {[%emt 0:00:40]} Rh8 {[%emt 0:00:05]} 38. f3 {
[%emt 0:00:40]} Qa8 {[%emt 0:02:39]} 39. Nf6 {[%emt 0:00:38]} Qf8 {[%emt 0:00:
10]} 40. Kg2 {[%emt 0:00:32]} b3 {[%emt 0:00:49]} 41. c5 {[%emt 0:16:25]} Nd5 {
[%emt 0:01:13]} 42. Nxd5+ {[%emt 0:06:15]} exd5 {[%emt 0:00:02]} 43. Qxf8 {
[%emt 0:01:06]} Rxf8 {[%emt 0:00:02]} 44. Rb1 {[%emt 0:01:03]} Rg8 {[%emt 0:02:
45]} 45. Rxb3 {[%emt 0:00:09]} Rxg6+ {[%emt 0:00:43]} 46. Kf2 {[%emt 0:00:18]}
Rh6 {[%emt 0:05:12]} 47. Rb5 {[%emt 0:02:47]} Rh2+ {[%emt 0:00:58]} 48. Ke3 {
[%emt 0:02:16]} d4+ {[%emt 0:00:14]} 49. Ke4 {[%emt 0:01:07]} Rd2 {[%emt 0:07:
20]} 50. Rxa5 {[%emt 0:00:12]} d3 {[%emt 0:04:11]} 51. Ra7+ {[%emt 0:00:41]}
Kc6 {[%emt 0:01:04]} 52. Ra6+ {[%emt 0:00:13]} Kxc5 {[%emt 0:00:02]} 53. Rd6 {
[%emt 0:00:09]} Kc4 {[%emt 0:00:11]} 54. Rxd7 {[%emt 0:00:27]} Re2+ {[%emt 0:
01:00]} 55. Kf5 {[%emt 0:00:16]} d2 {[%emt 0:00:18]} 56. f4 {[%emt 0:00:43]}
Kc3 {[%emt 0:00:14]} 57. e6 {[%emt 0:00:48]} Re1 {[%emt 0:00:28]} 58. a5 {
[%emt 0:02:45]} d1=Q {[%emt 0:03:21]} 59. Rxd1 {[%emt 0:00:04]} Rxd1 {[%emt 0:
00:06]} 60. e7 {[%emt 0:00:52]} Re1 {[%emt 0:01:03]} 61. Kf6 {[%emt 0:00:05]}
Kd4 {[%emt 0:00:04]} 62. Kf7 {[%emt 0:01:01]} Re4 {[%emt 0:00:09]} 63. e8=Q {
[%emt 0:00:11]} 1-0

[Event "EICC 2021"]
[Site "Reykjavik"]
[Date "2021.09.05"]
[Round "11.28"]
[White "Jones, Gawain C B"]
[Black "Gavrilescu, David"]
[Result "1/2-1/2"]
[WhiteElo "2684"]
[BlackElo "2477"]
[Annotator "TA"]
[PlyCount "70"]
[EventDate "2021.08.26"]
[EventType "swiss"]
[EventCountry "ISL"]
[Tiebreak "Cut1 Buchholz"]
[SourceTitle "playchess.com"]
[Source "ChessBase"]
[SourceQuality "1"]

{[%evp 19,70,0,0,0,0,0,0,0,25,11,75,0,0,0,6,0,18,0,0,0,0,-41,-44,-45,-22,-49,0,
0,0,-14,0,0,0,-13,0,-25,-8,-18,-25,-19,0,0,0,-28,-8,-8,-12,-9,-7,-8,-7,-10,0]} 
1. Nf3 d5 2. g3 Nf6 3. Bg2 e6 4. O-O Be7 5. c4 O-O 6. d4 dxc4 7. Ne5 Nc6 8.
Nxc6 bxc6 9. Na3 Bxa3 10. bxa3 Ba6 11. a4 {11.Qa4 gains popularity. E05: Open
Catalan: 5 Nf3 Be7.} Qd6 12. Qd2 {Threatening Qa5.} Rfb8 13. Rd1 {[#]} c3 $146
({Predecessor:} 13... h6 14. Bb2 Nd5 15. e4 Nb4 16. Ba3 e5 17. Qc3 Qe7 18. dxe5
c5 19. Bf1 Qe6 {1/2-1/2 (30) Tleptsok,R (2527)-Panitevsky,I (2516) ICCF email
2018}) 14. Qc2 Rb6 (14... h6 $11) 15. e4 (15. a5 $16 Rb7 16. Qxc3) 15... Qb4
$11 16. Bf4 Qb2 17. Rac1 Rb4 18. Bxc7 Qxc2 (18... Be2 $5 19. Re1 $8 Ba6 $11)
19. Rxc2 Rxa4 20. f3 Bb5 21. Bf1 Rc8 22. Be5 Nd7 23. Bd6 Nb6 24. Bc5 Nd7 25.
Bd6 Nb6 26. Bc5 Nd7 27. Be7 Re8 28. Bd6 Nb6 29. Bc5 Nd7 30. Bd6 Nb6 31. Bc7 (
31. Bc5 {seems wilder.}) 31... Rc8 32. Bxb6 {The position is equal.} axb6 33.
Rxc3 {[#] Strongly threatening Bxb5.} Bxf1 34. Rxf1 Rxd4 35. Rb1 g5 {Weighted
Error Value: White=0.09/Black=0.12} 1/2-1/2

[Event "EICC 2021"]
[Site "Reykjavik"]
[Date "2021.09.05"]
[Round "11.29"]
[White "Abasov, Nijat"]
[Black "Petenyi, Tamas"]
[Result "1-0"]
[WhiteElo "2656"]
[BlackElo "2463"]
[Annotator "ChessBase"]
[PlyCount "87"]
[EventDate "2021.08.26"]
[EventType "swiss"]
[EventCountry "ISL"]
[Tiebreak "Cut1 Buchholz"]
[SourceTitle "playchess.com"]
[Source "ChessBase"]
[SourceQuality "1"]
[TimeControl "40/5400+30:1800+30"]

1. e4 {[%emt 0:00:57]} g6 {[%emt 0:00:50]} 2. d4 {[%emt 0:00:11]} Bg7 {[%emt 0:
00:26]} 3. Nc3 {[%emt 0:00:09]} d6 {[%emt 0:00:46]} 4. Be3 {[%emt 0:00:20]} Nc6
{[%emt 0:00:30]} 5. d5 {[%emt 0:12:09]} Nb8 {[%emt 0:03:20]} 6. Be2 {[%emt 0:
09:51]} Nf6 {[%emt 0:08:21]} 7. Nf3 {[%emt 0:08:07]} Bg4 {[%emt 0:03:36]} 8.
Nd2 {[%emt 0:08:19]} Bxe2 {[%emt 0:03:52]} 9. Qxe2 {[%emt 0:00:09]} O-O {
[%emt 0:03:11]} 10. O-O {[%emt 0:01:01]} c6 {[%emt 0:04:43]} 11. a4 {[%emt 0:
00:32]} cxd5 {[%emt 0:02:20]} 12. exd5 {[%emt 0:00:43]} Nbd7 {[%emt 0:01:07]}
13. a5 {[%emt 0:00:51]} a6 {[%emt 0:01:29]} 14. Nc4 {[%emt 0:04:19]} Rc8 {
[%emt 0:01:43]} 15. Rfd1 {[%emt 0:02:29]} Qc7 {[%emt 0:19:59]} 16. Ra4 {
[%emt 0:00:23]} Rfe8 {[%emt 0:00:24]} 17. Rb4 {[%emt 0:04:15]} e6 {[%emt 0:08:
32]} 18. dxe6 {[%emt 0:01:02]} Rxe6 {[%emt 0:00:52]} 19. Qf3 {[%emt 0:02:27]}
d5 {[%emt 0:02:22]} 20. Nxd5 {[%emt 0:04:53]} Nxd5 {[%emt 0:01:43]} 21. Rxd5 {
[%emt 0:00:13]} Bf8 {[%emt 0:03:13]} 22. Ra4 {[%emt 0:03:28]} Qc6 {[%emt 0:09:
35]} 23. b3 {[%emt 0:01:08]} Nf6 {[%emt 0:04:15]} 24. Rd1 {[%emt 0:02:30]} Ne4
{[%emt 0:03:58]} 25. Bd4 {[%emt 0:14:29]} Qe8 {[%emt 0:04:55]} 26. Raa1 {
[%emt 0:00:00]} f5 {[%emt 0:01:40]} 27. h3 {[%emt 0:00:43]} Rd8 {[%emt 0:00:37]
} 28. Bb6 {[%emt 0:01:01]} Rc8 {[%emt 0:00:51]} 29. Rd3 {[%emt 0:02:27]} Rxb6 {
[%emt 0:01:20]} 30. axb6 {[%emt 0:05:59]} Bc5 {[%emt 0:00:08]} 31. Ne3 {
[%emt 0:01:32]} Bxb6 {[%emt 0:01:04]} 32. Rad1 {[%emt 0:00:34]} Qe6 {[%emt 0:
00:47]} 33. c4 {[%emt 0:01:40]} Re8 {[%emt 0:00:08]} 34. g3 {[%emt 0:03:59]}
Kh8 {[%emt 0:01:01]} 35. Kg2 {[%emt 0:01:15]} Qe5 {[%emt 0:01:13]} 36. b4 {
[%emt 0:01:33]} Qb2 {[%emt 0:01:43]} 37. c5 {[%emt 0:00:59]} Bc7 {[%emt 0:00:
12]} 38. Nc4 {[%emt 0:00:37]} Qxb4 {[%emt 0:00:30]} 39. Nd6 {[%emt 0:00:07]}
Bxd6 {[%emt 0:02:04]} 40. cxd6 {[%emt 0:00:10]} Rd8 {[%emt 0:00:31]} 41. Rd4 {
[%emt 0:32:26]} Qb6 {[%emt 0:04:35]} 42. Rxe4 {[%emt 0:00:00]} fxe4 {[%emt 0:
00:09]} 43. Qc3+ {[%emt 0:00:00]} Kg8 {[%emt 0:00:11]} 44. Qc7 {[%emt 0:00:00]}
1-0

[Event "EICC 2021"]
[Site "Reykjavik"]
[Date "2021.09.05"]
[Round "11.30"]
[White "Banusz, Tamas"]
[Black "Kjartansson, Gudmundur"]
[Result "1-0"]
[WhiteElo "2631"]
[BlackElo "2470"]
[Annotator "ChessBase"]
[PlyCount "61"]
[EventDate "2021.08.26"]
[EventType "swiss"]
[EventCountry "ISL"]
[Tiebreak "Cut1 Buchholz"]
[SourceTitle "playchess.com"]
[Source "ChessBase"]
[SourceQuality "1"]
[TimeControl "40/5400+30:1800+30"]

1. d4 {[%emt 0:00:04]} Nf6 {[%emt 0:00:17]} 2. Nf3 {[%emt 0:00:04]} e6 {
[%emt 0:00:18]} 3. Bf4 {[%emt 0:00:06]} d5 {[%emt 0:00:45]} 4. e3 {[%emt 0:00:
08]} c5 {[%emt 0:01:09]} 5. Nbd2 {[%emt 0:00:30]} Nc6 {[%emt 0:00:10]} 6. c3 {
[%emt 0:00:36]} Bd6 {[%emt 0:00:32]} 7. Bg3 {[%emt 0:00:17]} O-O {[%emt 0:01:
59]} 8. Bb5 {[%emt 0:00:21]} Be7 {[%emt 0:00:59]} 9. dxc5 {[%emt 0:01:21]} Bxc5
{[%emt 0:00:58]} 10. O-O {[%emt 0:04:53]} Nh5 {[%emt 0:14:41]} 11. c4 {[%emt 0:
11:31]} Nxg3 {[%emt 0:00:44]} 12. hxg3 {[%emt 0:00:43]} Qb6 {[%emt 0:17:47]}
13. cxd5 {[%emt 0:06:46]} Qxb5 {[%emt 0:09:36]} 14. dxc6 {[%emt 0:00:09]} Qxc6
{[%emt 0:00:24]} 15. Qc2 {[%emt 0:05:23]} Qb5 {[%emt 0:05:42]} 16. Rfd1 {
[%emt 0:07:42]} Be7 {[%emt 0:03:44]} 17. Ne4 {[%emt 0:05:00]} h6 {[%emt 0:19:
33]} 18. Rac1 {[%emt 0:06:43]} Re8 {[%emt 0:01:57]} 19. Nd6 {[%emt 0:06:41]}
Bxd6 {[%emt 0:00:06]} 20. Rxd6 {[%emt 0:00:06]} e5 {[%emt 0:01:45]} 21. a4 {
[%emt 0:04:44]} Qa5 {[%emt 0:04:36]} 22. Qc7 {[%emt 0:03:38]} Qxc7 {[%emt 0:07:
29]} 23. Rxc7 {[%emt 0:01:03]} Kf8 {[%emt 0:01:01]} 24. b4 {[%emt 0:04:57]} b6
{[%emt 0:01:09]} 25. Rd5 {[%emt 0:03:08]} f6 {[%emt 0:02:00]} 26. Nh4 {[%emt 0:
01:28]} Kg8 {[%emt 0:01:19]} 27. Ng6 {[%emt 0:00:53]} Be6 {[%emt 0:02:03]} 28.
Rd6 {[%emt 0:00:03]} Kh7 {[%emt 0:00:52]} 29. Ne7 {[%emt 0:00:14]} Bc8 {
[%emt 0:00:52]} 30. f3 {[%emt 0:05:18]} h5 {[%emt 0:00:28]} 31. Rdc6 {[%emt 0:
00:30]} 1-0

[Event "EICC 2021"]
[Site "Reykjavik"]
[Date "2021.09.05"]
[Round "11.31"]
[White "Saraci, Nderim"]
[Black "Ter-Sahakyan, Samvel"]
[Result "1/2-1/2"]
[WhiteElo "2455"]
[BlackElo "2624"]
[Annotator "RC"]
[PlyCount "103"]
[EventDate "2021.08.26"]
[EventType "swiss"]
[EventCountry "ISL"]
[Tiebreak "Cut1 Buchholz"]
[SourceTitle "playchess.com"]
[Source "ChessBase"]
[SourceQuality "1"]
[TimeControl "40/5400+30:1800+30"]

1. d4 {[%emt 0:00:04]} Nf6 {[%emt 0:00:10]} 2. Nf3 {[%emt 0:00:13]} d5 {
[%emt 0:00:10]} 3. c4 {[%emt 0:00:47]} e6 {[%emt 0:00:10]} 4. g3 {[%emt 0:00:
39]} Bb4+ {[%emt 0:00:10]} 5. Bd2 {[%emt 0:00:15]} a5 {[%emt 0:00:09]} 6. Bg2 {
[%emt 0:01:00]} O-O {[%emt 0:00:11]} 7. Qc2 {[%emt 0:01:49]} c5 {[%emt 0:00:13]
} 8. cxd5 {[%emt 0:01:15]} cxd4 {[%emt 0:00:09]} 9. Nxd4 {[%emt 0:00:34]} Qb6 {
[%emt 0:00:09]} 10. e3 {[%emt 0:00:36]} exd5 {[%emt 0:00:07]} 11. O-O {[%emt 0:
00:19]} Nc6 {[%emt 0:00:12]} 12. Nxc6 {[%emt 0:00:35]} bxc6 {[%emt 0:00:05]}
13. Rc1 {[%emt 0:01:35]} Rb8 {[%emt 0:02:47]} 14. Nc3 {[%emt 0:05:53]} h5 {
[%emt 0:00:25]} 15. Na4 {[%emt 0:06:20]} Qd8 {[%emt 0:04:28]} 16. Bxb4 {
[%emt 0:07:17]} Rxb4 {[%emt 0:00:09]} 17. b3 {[%emt 0:07:06]} h4 {[%emt 0:04:
14]} 18. a3 {[%emt 0:02:28]} Rb8 {[%emt 0:04:00]} 19. Qxc6 {[%emt 0:19:14]}
Rxb3 {[%emt 0:20:58]} 20. Qc7 {[%emt 0:04:05]} Qxc7 {[%emt 0:03:45]} 21. Rxc7 {
[%emt 0:00:08]} h3 {[%emt 0:00:11]} 22. Bf1 {[%emt 0:02:53]} Bf5 {[%emt 0:00:
21]} 23. Nc3 {[%emt 0:03:48]} Rc8 {[%emt 0:05:46]} 24. Rxc8+ {[%emt 0:01:44]}
Bxc8 {[%emt 0:00:03]} 25. Nxd5 {[%emt 0:00:47]} Nxd5 {[%emt 0:01:51]} 26. Bc4 {
[%emt 0:00:25]} Rc3 {[%emt 0:12:12]} 27. Bxd5 {[%emt 0:00:29]} Ba6 {[%emt 0:00:
49]} 28. Bf3 {[%emt 0:09:30]} f5 {[%emt 0:03:55]} 29. Bd5+ {[%emt 0:00:32]} Kf8
{[%emt 0:06:48]} 30. e4 {[%emt 0:01:13]} Bd3 {[%emt 0:05:35]} 31. exf5 {
[%emt 0:00:37]} Bxf5 {[%emt 0:00:47]} 32. f4 {[%emt 0:00:42]} Ke7 {[%emt 0:02:
37]} 33. Kf2 {[%emt 0:06:04]} Rc2+ {[%emt 0:02:48]} 34. Ke3 {[%emt 0:03:17]}
Rxh2 {[%emt 0:01:27]} 35. Bf3 {[%emt 0:00:20]} Rb2 {[%emt 0:02:31]} 36. Re1 {
[%emt 0:04:23]} h2 {[%emt 0:00:43]} 37. g4 {[%emt 0:00:25]} Bd7 {[%emt 0:01:11]
} 38. f5 {[%emt 0:03:36]} Kf6 {[%emt 0:01:17]} 39. Kf4 {[%emt 0:02:11]} Rf2 {
[%emt 0:02:33]} 40. Kg3 {[%emt 0:01:48]} Rxf3+ {[%emt 0:11:15]} 41. Kxf3 {
[%emt 0:30:13]} Bc6+ {[%emt 0:31:48]} 42. Kf4 {[%emt 0:00:20]} h1=Q {[%emt 0:
00:00]} 43. g5+ {[%emt 0:00:00]} Kf7 {[%emt 0:00:00]} 44. Rxh1 {[%emt 0:00:00]}
Bxh1 {[%emt 0:00:00]} 45. Ke5 {[%emt 0:00:00]} Bf3 {[%emt 0:00:00]} 46. f6 {
[%emt 0:00:00]} g6 {[%emt 0:00:00]} 47. Kd6 {[%emt 0:00:00]} Ke8 {[%emt 0:00:
00]} 48. Kc7 {[%emt 0:00:00]} Bd5 {[%emt 0:00:00]} 49. Kd6 {[%emt 0:00:00]} Bb3
{[%emt 0:00:00]} 50. Kc7 {[%emt 0:00:00]} Kf7 {[%emt 0:00:00]} 51. Kd6 {
[%emt 0:00:00]} Ba4 {[%emt 0:00:00]} 52. Ke5 {[%emt 0:00:00]} 1/2-1/2

[Event "EICC 2021"]
[Site "Reykjavik"]
[Date "2021.09.05"]
[Round "11.32"]
[White "Blohberger, Felix"]
[Black "Gajewski, Grzegorz"]
[Result "0-1"]
[WhiteElo "2502"]
[BlackElo "2617"]
[Annotator "ChessBase"]
[PlyCount "70"]
[EventDate "2021.08.26"]
[EventType "swiss"]
[EventCountry "ISL"]
[Tiebreak "Cut1 Buchholz"]
[SourceTitle "playchess.com"]
[Source "ChessBase"]
[SourceQuality "1"]
[TimeControl "40/5400+30:1800+30"]

1. e4 {[%emt 0:01:19]} c6 {[%emt 0:00:03]} 2. Nf3 {[%emt 0:00:19]} d5 {[%emt 0:
00:06]} 3. Nc3 {[%emt 0:00:04]} Bg4 {[%emt 0:00:12]} 4. h3 {[%emt 0:00:05]}
Bxf3 {[%emt 0:00:05]} 5. Qxf3 {[%emt 0:00:04]} e6 {[%emt 0:00:13]} 6. Be2 {
[%emt 0:00:06]} Nf6 {[%emt 0:00:12]} 7. O-O {[%emt 0:00:07]} Be7 {[%emt 0:00:
12]} 8. Rd1 {[%emt 0:00:12]} d4 {[%emt 0:01:35]} 9. Nb1 {[%emt 0:00:59]} h5 {
[%emt 0:04:45]} 10. d3 {[%emt 0:07:33]} c5 {[%emt 0:05:47]} 11. Qg3 {[%emt 0:
21:08]} Nc6 {[%emt 0:04:04]} 12. e5 {[%emt 0:11:13]} Nd5 {[%emt 0:03:57]} 13.
Qxg7 {[%emt 0:00:50]} Kd7 {[%emt 0:00:03]} 14. Bf3 {[%emt 0:08:42]} Rg8 {
[%emt 0:02:13]} 15. Qxf7 {[%emt 0:04:53]} Nxe5 {[%emt 0:00:08]} 16. Qxh5 {
[%emt 0:00:23]} Nxf3+ {[%emt 0:10:48]} 17. Qxf3 {[%emt 0:00:28]} Qc7 {[%emt 0:
01:40]} 18. c4 {[%emt 0:15:59]} Raf8 {[%emt 0:04:59]} 19. Qe2 {[%emt 0:01:41]}
Nf4 {[%emt 0:13:09]} 20. Bxf4 {[%emt 0:00:15]} Qxf4 {[%emt 0:00:04]} 21. Nd2 {
[%emt 0:02:35]} Bd6 {[%emt 0:02:04]} 22. Nf1 {[%emt 0:01:03]} Qh4 {[%emt 0:00:
46]} 23. Re1 {[%emt 0:04:38]} Qxh3 {[%emt 0:02:53]} 24. Qe4 {[%emt 0:03:47]}
Rf3 {[%emt 0:11:26]} 25. Qxb7+ {[%emt 0:06:46]} Bc7 {[%emt 0:00:10]} 26. g3 {
[%emt 0:00:12]} Rgf8 {[%emt 0:06:09]} 27. Re2 {[%emt 0:02:38]} Qf5 {[%emt 0:00:
06]} 28. Qe4 {[%emt 0:00:52]} Qf7 {[%emt 0:04:16]} 29. Nh2 {[%emt 0:04:07]}
Rxf2 {[%emt 0:00:03]} 30. Rae1 {[%emt 0:01:16]} Bxg3 {[%emt 0:00:19]} 31. Ng4 {
[%emt 0:00:07]} Rxe2 {[%emt 0:07:02]} 32. Qxe2 {[%emt 0:00:03]} Rg8 {[%emt 0:
00:26]} 33. Rf1 {[%emt 0:01:36]} Bf4 {[%emt 0:00:07]} 34. Qf3 {[%emt 0:00:56]}
Qh5 {[%emt 0:00:12]} 35. Kf2 {[%emt 0:00:33]} Qh4+ {[%emt 0:00:37]} 0-1

[Event "EICC 2021"]
[Site "Reykjavik"]
[Date "2021.09.05"]
[Round "11.33"]
[White "Parligras, Mircea-Emilian"]
[Black "Thorfinnsson, Bragi"]
[Result "1-0"]
[WhiteElo "2591"]
[BlackElo "2439"]
[Annotator "ChessBase"]
[PlyCount "59"]
[EventDate "2021.08.26"]
[EventType "swiss"]
[EventCountry "ISL"]
[Tiebreak "Cut1 Buchholz"]
[SourceTitle "playchess.com"]
[Source "ChessBase"]
[SourceQuality "1"]
[TimeControl "40/5400+30:1800+30"]

1. d4 {[%emt 0:00:04]} Nf6 {[%emt 0:01:41]} 2. c4 {[%emt 0:00:10]} e6 {[%emt 0:
00:09]} 3. Nf3 {[%emt 0:01:00]} d5 {[%emt 0:01:17]} 4. Nc3 {[%emt 0:00:15]} a6
{[%emt 0:00:37]} 5. cxd5 {[%emt 0:01:16]} exd5 {[%emt 0:00:16]} 6. Qb3 {
[%emt 0:02:33]} b5 {[%emt 0:19:19]} 7. Bg5 {[%emt 0:01:56]} Be6 {[%emt 0:01:05]
} 8. Bxf6 {[%emt 0:22:56]} Qxf6 {[%emt 0:07:00]} 9. a4 {[%emt 0:00:13]} b4 {
[%emt 0:06:54]} 10. Nxd5 {[%emt 0:00:14]} Qd8 {[%emt 0:00:37]} 11. e4 {[%emt 0:
00:06]} c6 {[%emt 0:00:50]} 12. Qe3 {[%emt 0:00:12]} cxd5 {[%emt 0:01:20]} 13.
exd5 {[%emt 0:00:04]} Qxd5 {[%emt 0:00:55]} 14. Rc1 {[%emt 0:12:21]} Be7 {
[%emt 0:05:25]} 15. Bd3 {[%emt 0:03:49]} Ra7 {[%emt 0:12:31]} 16. Be4 {[%emt 0:
19:12]} Qd7 {[%emt 0:13:41]} 17. d5 {[%emt 0:01:12]} Bxd5 {[%emt 0:06:13]} 18.
Ne5 {[%emt 0:13:48]} Qd6 {[%emt 0:02:03]} 19. Bxd5 {[%emt 0:01:32]} Qxd5 {
[%emt 0:02:55]} 20. Rc8+ {[%emt 0:01:08]} Bd8 {[%emt 0:00:09]} 21. Nc6+ {
[%emt 0:01:37]} Kd7 {[%emt 0:00:20]} 22. Qxa7+ {[%emt 0:00:24]} Kxc8 {[%emt 0:
00:15]} 23. Qxb8+ {[%emt 0:00:07]} Kd7 {[%emt 0:00:12]} 24. Qb7+ {[%emt 0:01:
36]} Bc7 {[%emt 0:03:12]} 25. O-O {[%emt 0:00:31]} Qd6 {[%emt 0:01:28]} 26. g3
{[%emt 0:00:17]} h5 {[%emt 0:06:30]} 27. Rc1 {[%emt 0:03:27]} h4 {[%emt 0:01:
47]} 28. Nxb4 {[%emt 0:00:26]} hxg3 {[%emt 0:01:41]} 29. hxg3 {[%emt 0:00:07]}
Rb8 {[%emt 0:01:55]} 30. Rxc7+ {[%emt 0:00:24]} 1-0

[Event "EICC 2021"]
[Site "Reykjavik"]
[Date "2021.09.05"]
[Round "11.34"]
[White "Kulaots, Kaido"]
[Black "Lubbe, Nikolas"]
[Result "0-1"]
[WhiteElo "2548"]
[BlackElo "2427"]
[Annotator "ChessBase"]
[PlyCount "56"]
[EventDate "2021.08.26"]
[EventType "swiss"]
[EventCountry "ISL"]
[Tiebreak "Cut1 Buchholz"]
[SourceTitle "playchess.com"]
[Source "ChessBase"]
[SourceQuality "1"]
[TimeControl "40/5400+30:1800+30"]

1. d4 {[%emt 0:00:12]} d5 {[%emt 0:00:11]} 2. c4 {[%emt 0:00:28]} e6 {[%emt 0:
00:07]} 3. Nc3 {[%emt 0:00:19]} Nf6 {[%emt 0:00:10]} 4. cxd5 {[%emt 0:00:27]}
exd5 {[%emt 0:00:09]} 5. Bg5 {[%emt 0:00:07]} Be7 {[%emt 0:00:20]} 6. e3 {
[%emt 0:00:27]} O-O {[%emt 0:00:14]} 7. Bd3 {[%emt 0:00:29]} Re8 {[%emt 0:00:
29]} 8. Nge2 {[%emt 0:02:24]} c6 {[%emt 0:03:00]} 9. O-O {[%emt 0:02:27]} Nbd7
{[%emt 0:00:28]} 10. f3 {[%emt 0:02:19]} Nf8 {[%emt 0:04:00]} 11. Kh1 {[%emt 0:
01:42]} a6 {[%emt 0:11:54]} 12. a4 {[%emt 0:10:16]} Ne6 {[%emt 0:10:32]} 13.
Bxf6 {[%emt 0:09:06]} Bxf6 {[%emt 0:00:35]} 14. a5 {[%emt 0:00:21]} g6 {
[%emt 0:20:03]} 15. Bc2 {[%emt 0:06:08]} Qd6 {[%emt 0:13:50]} 16. Qd2 {[%emt 0:
11:04]} Bg7 {[%emt 0:07:33]} 17. Na4 {[%emt 0:06:01]} Bd7 {[%emt 0:01:53]} 18.
Rad1 {[%emt 0:05:01]} Rad8 {[%emt 0:01:39]} 19. Nb6 {[%emt 0:02:18]} Bh6 {
[%emt 0:03:03]} 20. Qc3 {[%emt 0:02:51]} Nc7 {[%emt 0:03:30]} 21. Nxd7 {
[%emt 0:06:30]} Rxe3 {[%emt 0:02:12]} 22. Nc5 {[%emt 0:03:58]} Rxc3 {[%emt 0:
00:04]} 23. bxc3 {[%emt 0:01:06]} Re8 {[%emt 0:05:17]} 24. Bd3 {[%emt 0:00:43]}
Re3 {[%emt 0:01:14]} 25. Nxb7 {[%emt 0:02:00]} Qe7 {[%emt 0:00:09]} 26. Rf2 {
[%emt 0:02:17]} Qa3 {[%emt 0:02:28]} 27. g3 {[%emt 0:02:07]} Bf8 {[%emt 0:03:
34]} 28. Kg2 {[%emt 0:01:12]} Qa4 {[%emt 0:00:17]} 0-1

[Event "EICC 2021"]
[Site "Reykjavik"]
[Date "2021.09.05"]
[Round "11.35"]
[White "Kobo, Ori"]
[Black "Martinovic, Sasa"]
[Result "1/2-1/2"]
[WhiteElo "2490"]
[BlackElo "2548"]
[Annotator "ChessBase"]
[PlyCount "43"]
[EventDate "2021.08.26"]
[EventType "swiss"]
[EventCountry "ISL"]
[Tiebreak "Cut1 Buchholz"]
[SourceTitle "playchess.com"]
[Source "ChessBase"]
[SourceQuality "1"]
[TimeControl "40/5400+30:1800+30"]

1. e4 {[%emt 0:01:53]} e6 {[%emt 0:00:03]} 2. d4 {[%emt 0:00:28]} d5 {[%emt 0:
00:04]} 3. Nd2 {[%emt 0:00:08]} c5 {[%emt 0:00:05]} 4. exd5 {[%emt 0:00:17]}
Qxd5 {[%emt 0:00:07]} 5. Ngf3 {[%emt 0:00:12]} cxd4 {[%emt 0:00:15]} 6. Bc4 {
[%emt 0:00:09]} Qd6 {[%emt 0:00:11]} 7. O-O {[%emt 0:00:17]} Nf6 {[%emt 0:00:
04]} 8. Nb3 {[%emt 0:00:14]} Nc6 {[%emt 0:00:06]} 9. Nbxd4 {[%emt 0:00:12]}
Nxd4 {[%emt 0:00:06]} 10. Nxd4 {[%emt 0:00:11]} Qc7 {[%emt 0:00:07]} 11. Bb3 {
[%emt 0:02:43]} Bd7 {[%emt 0:00:14]} 12. c3 {[%emt 0:09:16]} Bd6 {[%emt 0:00:
56]} 13. h3 {[%emt 0:00:46]} O-O {[%emt 0:04:22]} 14. Qe2 {[%emt 0:07:10]} Bh2+
{[%emt 0:03:05]} 15. Kh1 {[%emt 0:00:17]} Bf4 {[%emt 0:00:08]} 16. Re1 {
[%emt 0:05:08]} Rfd8 {[%emt 0:05:15]} 17. Bxf4 {[%emt 0:03:42]} Qxf4 {[%emt 0:
00:07]} 18. Rad1 {[%emt 0:00:06]} Bc6 {[%emt 0:16:16]} 19. Nxc6 {[%emt 0:17:18]
} bxc6 {[%emt 0:00:03]} 20. Kg1 {[%emt 0:00:49]} Qc7 {[%emt 0:02:57]} 21. Qc4 {
[%emt 0:04:13]} Qb6 {[%emt 0:02:30]} 22. Qe2 {[%emt 0:06:02]} 1/2-1/2